| 000 | 00842nam a2200253 a 4500 | ||
|---|---|---|---|
| 001 | BRCA_86 | ||
| 005 | 20190320202855.0 | ||
| 008 | 900320s1988 mx-a---##b---f001-0#spa-d | ||
| 020 | _a9686038892 | ||
| 041 | _aspa | ||
| 044 | _amx | ||
| 050 | 4 |
_aQK647 _b.C36 1988 |
|
| 100 | 1 |
_aCamacho Uribe, Daniel _9335 |
|
| 245 | 1 | 0 |
_aLa madera _bestudio anatómico y catálogo de especies mexicanas _cDaniel Camacho Uribe. |
| 260 |
_aMéxico _bINAH, Dirección de Restauración del Patrimonio Cultural _c1988 |
||
| 300 |
_a364 p. _bil. _c26 cm. |
||
| 440 | 0 |
_aColección Científica _v168 _9336 |
|
| 504 | _aBibliografía : p. 361-364 | ||
| 650 | 1 | 4 |
_aMadera _xAnatomía _zMéxico _9337 |
| 650 | 1 | 4 |
_aMadera _xIdentificación _zMéxico _9338 |
| 650 | 1 | 4 |
_aArboles _xAnatomía _zMéxico _9339 |
| 650 | 1 | 4 |
_aArboles _xIdentificación _zMéxico _9340 |
| 942 |
_2lcc _cB |
||
| 999 |
_c75 _d75 |
||